Caneville : the social structure of a South African town /

Guardat en:
Dades bibliogràfiques
Autor principal: Van den Berghe, Pierre L.
Format: Llibre
Idioma:English
Publicat: Middletown, Conn. : Wesleyan University Press, [1964].
Matèries:
LEADER 00883nam a2200229 i 4500
001 c000252094
003 CARM
005 00000000000000.0
008 840503s1964 ctu 0 eng d
019 1 |a 27700566 
035 |a (ltul).b13148382 
082 0 4 |a 301.36409684 
100 1 |a Van den Berghe, Pierre L. 
245 1 0 |a Caneville :  |b the social structure of a South African town /  |c With the assistance of Edna Miller. 
260 |a Middletown, Conn. :  |b Wesleyan University Press,  |c [1964]. 
300 |a 276 p. 
500 |a Bibliography: p.[261]-264. 
650 0 |a Cities and towns  |z South Africa. 
651 0 |a South Africa  |x Social conditions. 
852 8 |b CARM  |h A2:AQ28A0  |i B07604  |p 0326088  |f BK 
999 f f |i 2a2d9512-66e7-51d0-b514-637ae17f8856  |s 75bc3e06-b32f-5e60-ba6c-9ad351bad758 
952 f f |p Can circulate  |a CAVAL  |b CAVAL  |c CAVAL  |d CARM 1 Store  |e B07604  |f A2:AQ28A0  |h Other scheme  |i book  |m 0326088